| 000 | 01338pam a2200349 a 4500 | ||
|---|---|---|---|
| 999 |
_c29251 _d29222 |
||
| 001 | 015361097 | ||
| 003 | EG-ScBUE | ||
| 005 | 20210727100730.0 | ||
| 008 | 090820s2010 enk f b 001 0 eng d | ||
| 020 | _a9780230574557 (hbk.) | ||
| 040 |
_aStDuBDS _beng _erda _cStDuBDS _dUk _dEG-ScBUE |
||
| 043 | _ae-uk--- | ||
| 082 | 0 | 4 |
_a941.0850922 _bFRO _222 |
| 245 | 0 | 0 |
_aFrom new Jerusalem to new labour : _bBritish prime ministers from Attlee to Blair / _cedited by Vernon Bogdanor, professor of government, University of Oxford, UK. |
| 264 | 1 |
_aLondon ; _aNew York, NY : _bPalgrave Macmillan, _c2010. |
|
| 300 |
_ax, 208 pages ; _c25 cm |
||
| 336 |
_atext _2rdacontent _btxt |
||
| 337 |
_aunmediated _2rdamedia _bn |
||
| 338 |
_avolume _2rdacarrier _bnc |
||
| 500 |
_aFormerly CIP. _5Uk |
||
| 504 | _aIncludes bibliographical references and index. | ||
| 650 | 7 |
_aPrime ministers _zGreat Britain _xHistory _y20th century. _2BUEsh _910482 |
|
| 650 | 7 |
_aLeadership _zGreat Britain _xHistory _y20th century. _2BUEsh |
|
| 651 | 7 |
_aGreat Britain _xPolitics and government _y1945- _2BUEsh |
|
| 653 |
_bGGEN _cJuly2021 |
||
| 655 |
_vReading book _934232 |
||
| 700 | 1 |
_aBogdanor, Vernon, _d1943- _eeditor. |
|
| 942 |
_2ddc _cBB |
||